|
|
|
|
| LEADER |
01404nam a2200421za 4500 |
| 001 |
000998611 |
| 003 |
CZ BrMZK |
| 005 |
20200504104207.0 |
| 007 |
ta |
| 008 |
060117s2003 gw er|||||||||||ger d |
| 020 |
|
|
|a 3-8228-2444-5
|
| 040 |
|
|
|a BOA001
|b cze
|
| 043 |
|
|
|a e-au---
|a e------
|
| 045 |
|
|
|a x-x-
|
| 072 |
|
7 |
|a 72
|x Architektura
|2 Konspekt
|9 21
|
| 080 |
|
|
|a 72(436)
|2 MRF
|
| 080 |
|
|
|a 72.036.3
|2 MRF
|
| 080 |
|
|
|a (436)
|2 MRF
|
| 080 |
|
|
|a (4)
|2 MRF
|
| 080 |
|
|
|a (048.8)
|2 MRF
|
| 080 |
|
|
|a (084.12)
|2 MRF
|
| 100 |
1 |
|
|a Sarnitz, August,
|d 1956-
|7 xx0016972
|
| 245 |
1 |
0 |
|a Adolf Loos :
|b 1870-1933 : Architekt, Kulturkritiker, Dandy /
|c August Sarnitz
|
| 250 |
|
|
|a 1. Aufl.
|
| 260 |
|
|
|a Köln :
|b Taschen,
|c 2003
|
| 300 |
|
|
|a 96 s.,
|b fotografie
|
| 541 |
|
|
|a 2.1.2006
|
| 600 |
1 |
7 |
|a Loos, Adolf,
|d 1870-1933
|7 jk01072385
|
| 648 |
|
7 |
|a 20. století
|7 ch460558
|2 czenas
|
| 650 |
0 |
7 |
|a rakouská architektura
|7 ph125006
|y 20. století
|2 czenas
|
| 650 |
0 |
7 |
|a funkcionalismus (architektura)
|7 ph114595
|z Rakousko
|2 czenas
|
| 650 |
0 |
7 |
|a funkcionalismus (architektura)
|7 ph114595
|z Evropa
|2 czenas
|
| 655 |
|
7 |
|a monografie
|7 fd132842
|2 czenas
|
| 655 |
|
7 |
|a fotografické publikace
|7 fd132276
|2 czenas
|
| 910 |
|
|
|a BOA001
|b RK-0004.745
|
| 990 |
|
|
|a BK
|
| 991 |
|
|
|z 000047185
|x 33
|
| 996 |
7 |
|
|b 261A005722
|c RK-0004.745
|l Rakouská knihovna/2.patro
|r ZHR
|n 18
|p {1-A-04.745}
|h A
|w 000998611
|u 000010
|a 0
|e BOA001
|j MZK50
|s A
|